Statistics for 20 Most Streamed Songs from 2016 on Spotify

Click here to take the quiz!

General Stats

  • This quiz has been taken 143 times
    (130 since last reset)
  • The average score is 14 of 20

Answer Stats

ArtistSong% Correct
DrakeOne Dance
89%
The WeekndStarboy
89%
The WeekndI Feel It Coming
89%
Wiz KhalifaSee You Again
86%
SiaCheap Thrills
85%
Justin TimberlakeCAN'T STOP THE FEELING!
78%
Charlie PuthWe Don't Talk Anymore
75%
The ChainsmokersDon't Let Me Down
75%
The ChainsmokersCloser
75%
Bruno MarsThat's What I Like
70%
Twenty One PilotsHeathens
69%
Post MaloneCongratulations
67%
Post MaloneI Fall Apart
67%
Calvin HarrisThis Is What You Came For
63%
Travis Scottgoosebumps
63%
Lukas Graham7 Years
62%
Mike PosnerI Took A Pill In Ibiza
54%
James ArthurSay You Won't Let Go
45%
Major LazerCold Water
41%
DJ SnakeLet Me Love You
31%

Score Distribution

Percentile by Number Answered

Percent of People with Each Score

Your Score History

You have not taken this quiz since the last reset